Statistics for Select All Continents That....

Click here to take the quiz!

General Stats

  • This quiz has been taken 25 times
  • The average score is 27 of 40

Answer Stats

QuestionTileSelect% Correct
border the Atlantic Ocean (4 answers)" a n s w e r "No
88%
are home to albatrosses (5 answers)" a n s w e r "No
88%
border the Atlantic Ocean (4 answers)AsiaNo
88%
border the Atlantic Ocean (4 answers)Australia/OceaniaNo
88%
that have countries with territory in the Caribbean SeaAfricaNo
83%
have the top 3 largest rainforests (2 answers)" a n s w e r "No
83%
have the top 3 largest deserts (4 answers)" a n s w e r "No
83%
that have countries with territory in the Caribbean SeaAntarcticaNo
83%
have the top 3 largest rainforests (2 answers)AntarcticaNo
83%
that have countries with territory in the Caribbean SeaAsiaNo
83%
that have countries with territory in the Caribbean SeaAustralia/OceaniaNo
83%
have the top 3 largest rainforests (2 answers)Australia/OceaniaNo
83%
that have countries with territory in the Caribbean Sea" a n s w e r "No
79%
have the top 3 largest rainforests (2 answers)EuropeNo
79%
have the top 3 largest rainforests (2 answers)North AmericaNo
79%
border the Atlantic Ocean (4 answers)AfricaYes
75%
border the Atlantic Ocean (4 answers)EuropeYes
75%
border the Atlantic Ocean (4 answers)North AmericaYes
75%
border the Atlantic Ocean (4 answers)South AmericaYes
75%
are home to albatrosses (5 answers)South AmericaYes
75%
border the Atlantic Ocean (4 answers)AntarcticaNo
71%
are home to albatrosses (5 answers)AntarcticaNo
71%
have the top 3 largest deserts (4 answers)AsiaYes
71%
that have countries with territory in the Caribbean SeaNorth AmericaYes
71%
have the top 3 largest deserts (4 answers)South AmericaNo
71%
are home to albatrosses (5 answers)AfricaYes
67%
are home to albatrosses (5 answers)North AmericaYes
67%
have the top 3 largest rainforests (2 answers)South AmericaYes
67%
have the top 3 largest deserts (4 answers)Australia/OceaniaNo
58%
are home to albatrosses (5 answers)EuropeNo
58%
are home to albatrosses (5 answers)AsiaYes
54%
are home to albatrosses (5 answers)Australia/OceaniaYes
50%
have the top 3 largest rainforests (2 answers)AsiaNo
46%
that have countries with territory in the Caribbean SeaEuropeYes
46%
that have countries with territory in the Caribbean SeaSouth AmericaNo
46%
have the top 3 largest rainforests (2 answers)AfricaYes
42%
have the top 3 largest deserts (4 answers)AntarcticaYes
38%
have the top 3 largest deserts (4 answers)AfricaNo
21%
have the top 3 largest deserts (4 answers)North AmericaYes
21%
have the top 3 largest deserts (4 answers)EuropeYes
8%

Score Distribution

Percentile by Number Answered

Percent of People with Each Score

Your Score History

You have not taken this quiz